|
|
|
|
| LEADER |
00000caa a2200000 c 4500 |
| 001 |
1638029423 |
| 003 |
DE-627 |
| 005 |
20220608121211.0 |
| 007 |
tu |
| 008 |
151028s2015 xx ||||| 00| ||ger c |
| 035 |
|
|
|a (DE-627)1638029423
|
| 035 |
|
|
|a (DE-576)448872080
|
| 035 |
|
|
|a (DE-599)BSZ448872080
|
| 040 |
|
|
|a DE-627
|b ger
|c DE-627
|e rakwb
|
| 041 |
|
|
|a ger
|
| 100 |
1 |
|
|a Böhm, Klaus Michael
|0 (DE-588)1051965845
|0 (DE-627)787216461
|0 (DE-576)184725615
|4 aut
|
| 109 |
|
|
|a Böhm, Klaus Michael
|a Böhm, Klaus
|
| 245 |
1 |
0 |
|a Präventiver Opferschutz im Strafrecht verankert, 1
|b die Entstehungsgeschichte des §246a Abs. 2 StPO und die Bedeutung der Vorschrift für das Strafrechtssystem
|c von Klaus Michael Böhm
|
| 264 |
|
1 |
|c 2015
|
| 336 |
|
|
|a Text
|b txt
|2 rdacontent
|
| 337 |
|
|
|a ohne Hilfsmittel zu benutzen
|b n
|2 rdamedia
|
| 338 |
|
|
|a Band
|b nc
|2 rdacarrier
|
| 773 |
0 |
8 |
|i In
|t Kriminalistik
|d Heidelberg : C.F. Müller GmbH, Kriminalistik, 1949
|g 69(2015), 10, Seite 591-597
|w (DE-627)129489522
|w (DE-600)205902-2
|w (DE-576)014883163
|x 0023-4699
|7 nnas
|
| 773 |
1 |
8 |
|g volume:69
|g year:2015
|g number:10
|g pages:591-597
|
| 935 |
|
|
|a mkri
|
| 951 |
|
|
|a AR
|
| ELC |
|
|
|b 1
|
| LOK |
|
|
|0 000 xxxxxcx a22 zn 4500
|
| LOK |
|
|
|0 001 3297010568
|
| LOK |
|
|
|0 003 DE-627
|
| LOK |
|
|
|0 004 1638029423
|
| LOK |
|
|
|0 005 20250929125248
|
| LOK |
|
|
|0 008 160208||||||||||||||||ger|||||||
|
| LOK |
|
|
|0 040
|a DE-21-110
|c DE-627
|d DE-21-110
|
| LOK |
|
|
|0 852
|a DE-21-110
|
| LOK |
|
|
|0 852 1
|m p
|9 00
|
| LOK |
|
|
|0 935
|a k110
|
| LOK |
|
|
|0 938
|k p
|
| LOK |
|
|
|0 939
|a 08-02-16
|b l01
|
| ORI |
|
|
|a SA-MARC-krimdoka001.raw
|